[Event "HUN-chT2 Szechenyi 1819"]
[Site "Hungary"]
[Date "2019.03.10"]
[Round "7.12"]
[White "Mayer, Gabor"]
[Black "Marton, Zoltan"]
[Result "1-0"]
[WhiteElo "1508"]
[BlackElo "1383"]
[PlyCount "107"]
[EventDate "2018.10.28"]
[EventType "team-tourn"]
[EventRounds "9"]
[EventCountry "HUN"]
[SourceTitle "EXT 2021"]
[Source "ChessBase"]
[SourceDate "2020.10.23"]
[SourceVersion "1"]
[SourceVersionDate "2020.10.23"]
[SourceQuality "1"]
[WhiteTeam "Keszthely Spartacus"]
[BlackTeam "Arboretum"]
[WhiteTeamCountry "HUN"]
[BlackTeamCountry "HUN"]

1. d4 d5 2. g3 Nf6 3. Bg2 Bf5 4. Nf3 e6 5. 0-0 h6 6. c4 Nc6 7. Qb3 b6 8. Qb5 Qd7 9. Nh4 Bxb1 10. cxd5 Nxd4 11. Qxd7+ Nxd7 12. dxe6 Nxe2+ 13. Kh1 fxe6 14. Bxa8 Bh7 15. Re1 Nd4 16. Be4 Kf7 17. Bxh7 Rxh7 18. Rd1 c5 19. Be3 e5 20. f4 Bd6 21. fxe5 Bxe5 22. Nf3 Nxf3 23. Rxd7+ Ke6 24. Rxa7 Kd6 25. Rf1 Ng5 26. Bf4 Bxf4 27. Rxf4 Ne6 28. Rff7 Kc6 29. Rfe7 Kd6 30. Red7+ Kc6 31. h4 Rh8 32. Re7 Nd4 33. Rxg7 Re8 34. Rg6+ Kb5 35. Rxh6 Re1+ 36. Kg2 Ra1 37. b4 Nf5 38. Re6 Nd4 39. Rf6 Kc4 40. bxc5 bxc5 41. Rf4 Kc3 42. Rf2 c4 43. h5 Kd3 44. h6 Ne2 45. h7 Rg1+ 46. Kh2 c3 47. Rxe2 Kxe2 48. Kxg1 c2 49. Rc7 c1Q+ 50. Rxc1 Kd3 51. h8Q Ke4 52. Qh4+ Ke3 53. Rc3+ Ke2 54. Qh2+ 1-0